000 00844nam a22002771 4500
001 29038
003 BD-RjUL
005 20211209051350.0
008 140402r19641963njua 001 0 eng
035 _a(BD-RjUL)29123
040 _aDLC
_cDLC
_dDLC
_dBD-RjUL
_beng
041 _aeng
082 0 0 _a137
_bLAP 1964
100 1 _aLazarus, Richard S.
_988679
245 1 0 _aPersonality and adjustment /
_cRichard S Lazarus
260 _aEnglewood Cliffs, N.J. :
_bPrentice-Hall,
_cc1963 [Reprinted 1964].
300 _ax, 118 p. :
_bill. ;
_c23 cm.
490 0 _aFoundations of modern psychology
500 _aSecond ed. published in 1971 under title: Personality.
504 _aIncludes index.
650 0 _aAdjustment (Psychology)
_93962
650 0 _aPersonality.
_988704
942 _2ddc
_cBK
999 _c29038
_d29038